Epic films : casts, credits, and commentary on over 350 historical spectacle movies (Record no. 175703)

MARC details
000 -LEADER
fixed length control field 00801nam a2200229Ia 4500
008 - FIXED-LENGTH DATA ELEMENTS--GENERAL INFORMATION
fixed length control field 191130s2004##################000#0#eng##
020 ## - INTERNATIONAL STANDARD BOOK NUMBER
ISBN 9780786440818
082 ## - DEWEY DECIMAL CLASSIFICATION NUMBER
Classification number 791.43658 SMI
100 ## - MAIN ENTRY--AUTHOR NAME
Personal name Smith, Gary A
245 ## - TITLE STATEMENT
Title Epic films : casts, credits, and commentary on over 350 historical spectacle movies
Statement of responsibility, etc Gary Allen Smith ; forword by Stephen Papich
250 ## - EDITION STATEMENT
Edition statement 2nd ed
260 ## - PUBLICATION, DISTRIBUTION, ETC. (IMPRINT)
Place of publication Jefferson, N.C
Name of publisher McFarland & Company
Year of publication c2004
300 ## - PHYSICAL DESCRIPTION
Number of Pages vii, 312 p. : ill. ; 27 cm
500 ## - GENERAL NOTE
General note Includes bibliographical references (p. 289-290) and index
650 ## - SUBJECT ADDED ENTRY--TOPICAL TERM
Topical Term Epic films - History and criticism
Topical Term Historical films - History and criticism
991 ## -
-- 363288
Holdings
Withdrawn status Lost status Damaged status Not for loan Home library Current library Shelving location Date acquired Full call number Accession Number Price effective from Koha item type
        Anna Centenary Library Anna Centenary Library 6TH FLOOR, B WING 13.10.2020 791.43658 SMI 346897 13.10.2020 English Books

Find us on the map